Солдатские сказки

Dades bibliogràfiques
Autor principal: Черный С. Саша
Altres autors: Гапон С. (иллюстратор)
Idioma:rus
Publicat: Москва, Предприятие "Фотофильм", 1991
Matèries:
Format: MixedMaterials Llibre
KOHA link:https://koha.lib.tpu.ru/cgi-bin/koha/opac-detail.pl?biblionumber=152158

MARC

LEADER 00000nam0a2200000 4500
001 152158
005 20231101221615.0
020 |a RU  |b 92-12780 
035 |a (RuTPU)RU\TPU\book\164983 
090 |a 152158 
100 |a 20090129d1991 m a0rusy5003 ca 
101 0 |a rus 
102 |a RU 
105 |a a z 000ay 
200 1 |a Солдатские сказки  |f С. Черный  |g худож. С. Гапон 
210 |a Москва  |c Предприятие "Фотофильм"  |c Каменный пояс  |d 1991 
215 |a 192 с.  |c ил.  |d 20 см 
610 1 |a русская литература 
610 1 |a сказки 
675 |a Р1  |z rus 
700 1 |a Черный  |b С.  |c русский поэт  |c настоящее имя и фамилия Александр Михайлович Гликберг  |f 1880-1932  |g Саша  |2 stltpush  |3 (RuTPU)RU\TPU\pers\3797  |9 846 
702 1 |a Гапон  |b С.  |4 440 
801 0 |a RU  |b RuMRKP  |c 19950417  |g psbo 
801 1 |a RU  |b 63413507  |c 20090129  |g PSBO 
801 2 |a RU  |b 63413507  |c 20090129  |g PSBO 
942 |c BK